000
00347nam a2200145Ia 4500
003
OSt
005
20240316112715.0
008
170523s9999 xx 000 0 und d
020
_a
9788183600934
040
_c
IIMT UNIVERSITY
100
_a
Mehta- V.P.
245
0
_a
Polytechnic Chemistry
260
_a
New Delhi : Jain Brothers
942
_2
ddc
_c
02
999
_c
11857
_d
11857